Principi regnanti del Principato di Monaco - Statistics

Statistiche generali
  • Questo quiz è stato fatto 8 volte
  • Il punteggio medio è 6 su 14
Statistiche sulle risposte
Anni Principe regnante % Corretto
1889-1922 Alberto I
100%
2005- Alberto II
86%
1949-2005 Ranieri III
71%
1731-1733 Giacomo I
43%
1662-1701 Luigi I
43%
1922-1949 Luigi II
43%
1701-1731 Antonio I
29%
1856-1889 Carlo III
29%
1841-1856 Florestano I
29%
1731-1731 Luisa Ippolita
29%
1612-1662 Onorato II
29%
1733-1793 Onorato III
29%
1814-1819 Onorato IV
29%
1819-1841 Onorato V
29%
Nessun quiz corrispondente trovato
Distribuzione punteggi
Percentuale di utenti per punteggio
Percentile per numero di risposta
I tuoi punteggi nel tempo
Non hai fatto questo quiz